000
00262nam a2200109Ia 4500
008
220204s9999 xx 000 0 und d
082
_a
796.34
_b
BRU
100
_a
Brundle, Fred
245
0
_a
Badminton
260
_a
London
_b
Hodder and Stoughton
_c
1959
942
_c
BK
999
_c
35249
_d
35249